| 000 | 00530nam a22001937a 4500 | ||
|---|---|---|---|
| 003 | OSt | ||
| 005 | 20220107122810.0 | ||
| 008 | 160406b xxu||||| |||| 00| 0 eng d | ||
| 020 | _a9788173719288 | ||
| 040 | _cIIITMK | ||
| 082 | _a005.5M CHA/I | ||
| 100 |
_aChakravorty, Jaydeep _98817 |
||
| 245 |
_aIntroduction to MATLAB programming, toolbox and simulink _cJaydeep Chakravorty |
||
| 300 | _axix, 536p. | ||
| 650 |
_aCOMPUTER SCIENCE _98818 |
||
| 650 |
_aCOMPUTING LANGUAGE _98819 |
||
| 650 |
_aMATLAB _98820 |
||
| 942 |
_2ddc _cBK |
||
| 999 |
_c5060 _d5060 |
||